Normal view
MARC view
- Livres d'images
Entry Genre/Form Term
001 - CONTROL NUMBER
- control field: 86858
003 - CONTROL NUMBER IDENTIFIER
- control field: OSt
005 - DATE AND TIME OF LATEST TRANSACTION
- control field: 20251112103637.0
008 - FIXED-LENGTH DATA ELEMENTS
- fixed length control field: 251112|| aca||aabn | a|a d
040 ## - CATALOGING SOURCE
- Original cataloging agency: OSt
- Transcribing agency: OSt
155 ## - HEADING--GENRE/FORM TERM
- Genre/form term: Livres d'images
670 ## - SOURCE DATA FOUND
- Source citation: Work cat.: (OSt)49733: Holloway, Lauren, author. 86856, Peppa's magical unicorn /, 2018.